[Event "I. CLANSKA LIGA ZAHOD 2025"]
[Site "Komenda"]
[Date "2025.09.27"]
[Round "2.4"]
[White "Mircic, Ivan"]
[Black "Acimovic, Vasja"]
[Result "1/2-1/2"]
[WhiteElo "2173"]
[BlackElo "2285"]
[PlyCount "64"]
[EventDate "2025.09.26"]
[WhiteTeam "SK STARI MAYR KRANJ"]
[BlackTeam "SK KOCEVJE"]

1. Nf3 d5 2. g3 Nf6 3. d4 Bf5 4. Bg2 e6 5. O-O Bd6 6. c4 c6 7. Nc3 Nbd7 8. Nd2
O-O 9. e4 dxe4 10. Ndxe4 Be7 11. d5 exd5 12. cxd5 cxd5 13. Nxf6+ Nxf6 14. Nxd5
Nxd5 15. Qxd5 Qxd5 16. Bxd5 Rac8 17. Be3 b6 18. Rac1 Bf6 19. b3 Bb2 20. Rxc8
Rxc8 21. Bc4 Rd8 22. Re1 h6 23. Kg2 Be4+ 24. f3 Bc6 25. Re2 Bf6 26. Rc2 Bd7 27.
Kf2 Bf5 28. Rd2 Re8 29. Bb5 Rc8 30. Bd7 Bxd7 31. Rxd7 Rc2+ 32. Rd2 Rxd2+
1/2-1/2

[Event "I. CLANSKA LIGA ZAHOD 2025"]
[Site "Komenda"]
[Date "2025.09.27"]
[Round "2.4"]
[White "Acimovic, Sergej"]
[Black "Djuric, Petar"]
[Result "1-0"]
[WhiteElo "2167"]
[BlackElo "2167"]
[PlyCount "63"]
[EventDate "2025.09.26"]
[WhiteTeam "SK KOCEVJE"]
[BlackTeam "SK STARI MAYR KRANJ"]

1. e4 c5 2. Nf3 Nc6 3. d4 cxd4 4. Nxd4 g6 5. Nc3 Bg7 6. Be3 Nf6 7. Bc4 O-O 8.
Bb3 d6 9. f3 Bd7 10. Qd2 Rc8 11. O-O-O Ne5 12. Kb1 Nc4 13. Bxc4 Rxc4 14. g4 b5
15. b3 Rc5 16. Ne6 fxe6 17. Bxc5 Qc7 18. Bd4 Rc8 19. g5 Nh5 20. Bxg7 Kxg7 21.
Ne2 e5 22. Rc1 Rf8 23. Qe3 Qb7 24. Rhf1 Bc6 25. Rce1 b4 26. f4 Rc8 27. fxe5
Bxe4 28. Nd4 d5 29. Qf2 Kh8 30. Qf8+ Rxf8 31. Rxf8+ Kg7 32. Ne6# 1-0

[Event "I. CLANSKA LIGA ZAHOD 2025"]
[Site "Komenda"]
[Date "2025.09.27"]
[Round "2.4"]
[White "Podvrsnik, Marko"]
[Black "Zuzek, Bor"]
[Result "1-0"]
[WhiteElo "2128"]
[BlackElo "2073"]
[PlyCount "71"]
[EventDate "2025.09.26"]
[WhiteTeam "SK STARI MAYR KRANJ"]
[BlackTeam "SK KOCEVJE"]

1. d4 Nf6 2. Nf3 e6 3. Bg5 h6 4. Bh4 Be7 5. Nbd2 d5 6. e3 c5 7. c3 O-O 8. Bd3
Nc6 9. O-O Nd7 10. Bg3 Re8 11. Ne5 Ndxe5 12. dxe5 c4 13. Bc2 b5 14. a3 a5 15.
Qh5 Bd7 16. Nf3 Bf8 17. Bf4 Ne7 18. Bxh6 gxh6 19. Ng5 Bg7 20. Bh7+ Kh8 21.
Nxf7+ Kxh7 22. Nxd8 Raxd8 23. f4 Rf8 24. g4 Rg8 25. Rf3 Be8 26. Qh3 Bg6 27. f5
exf5 28. gxf5 Be8 29. Kf2 Bxe5 30. f6 Ng6 31. f7 Rf8 32. fxe8=Q Rdxe8 33. Rxf8
Rxf8+ 34. Ke2 Bg7 35. Qd7 b4 36. axb4 1-0

[Event "I. CLANSKA LIGA ZAHOD 2025"]
[Site "Komenda"]
[Date "2025.09.27"]
[Round "2.4"]
[White "Mestek, Igor"]
[Black "Skok, Boris"]
[Result "1-0"]
[WhiteElo "2032"]
[BlackElo "1945"]
[PlyCount "77"]
[EventDate "2025.09.26"]
[WhiteTeam "SK KOCEVJE"]
[BlackTeam "SK STARI MAYR KRANJ"]

1. e4 c5 2. Nf3 e6 3. d4 cxd4 4. Nxd4 Nc6 5. Nc3 Qc7 6. Ndb5 Qb8 7. Be3 Nf6 8.
f4 d6 9. Qd2 a6 10. Nd4 Be7 11. Be2 Qc7 12. O-O O-O 13. Nxc6 bxc6 14. Bf3 Bb7
15. g4 Nd7 16. g5 d5 17. Rae1 Bd6 18. Bg4 Rae8 19. e5 Bc5 20. Rf3 Bxe3+ 21.
Rfxe3 Re7 22. Rh3 Rfe8 23. Be2 Nf8 24. Bd3 Qb6+ 25. Kf1 g6 26. Nd1 c5 27. Be2
d4 28. b3 Rd8 29. Nf2 Bd5 30. Ng4 Kg7 31. Nf6 Bb7 32. Bd3 Rc7 33. Qf2 Qc6 34.
Be4 Qb5+ 35. Kg1 Bxe4 36. Nxe4 c4 37. Qh4 Kh8 38. Nf6 h5 39. Nxh5 1-0

[Event "I. CLANSKA LIGA ZAHOD 2025"]
[Site "Komenda"]
[Date "2025.09.27"]
[Round "2.4"]
[White "Engelman, Tomaz"]
[Black "Jalovec, Igor"]
[Result "0-1"]
[WhiteElo "1845"]
[BlackElo "2002"]
[PlyCount "108"]
[EventDate "2025.09.26"]
[WhiteTeam "SK STARI MAYR KRANJ"]
[BlackTeam "SK KOCEVJE"]

1. d4 d5 2. Bf4 Nf6 3. e3 c5 4. c3 Nc6 5. Nd2 Bf5 6. Ngf3 Qb6 7. Nh4 Bg6 8.
Nxg6 hxg6 9. Rb1 e6 10. h3 Rc8 11. Bd3 Be7 12. O-O Nd7 13. Qg4 cxd4 14. exd4
Qd8 15. Bxg6 Rh4 16. Qxe6 Rxf4 17. Bh5 g6 18. Bxg6 Rf6 19. Bxf7+ Rxf7 20. Qxd5
Qa5 21. Qb3 Nxd4 22. cxd4 Qxd2 23. Qxb7 Qc2 24. Rbe1 Rb8 25. Qxa7 Qxb2 26. d5
Qb6 27. Qa4 Kd8 28. Re6 Qb5 29. Qe4 Nf8 30. Re5 Bd6 31. Rf5 Rxf5 32. Qxf5 Qd7
33. Qe4 Qh7 34. Qd4 Rb4 35. Qe3 Qe4 36. Qxe4 Rxe4 37. Rd1 Re2 38. a4 Ra2 39. g3
Bc5 40. Rf1 Rxa4 41. Kg2 Ke7 42. f4 Rd4 43. Re1+ Kf6 44. Re5 Ng6 45. Rg5 Ne7
46. h4 Rd2+ 47. Kh3 Rxd5 48. Rxd5 Nxd5 49. Kg4 Ne3+ 50. Kh5 Kf5 51. g4+ Kxf4
52. g5 Kf5 53. Kh6 Bf8+ 54. Kh5 Nd5 0-1

[Event "I. CLANSKA LIGA ZAHOD 2025"]
[Site "Komenda"]
[Date "2025.09.27"]
[Round "2.5"]
[White "Praznik, Niko"]
[Black "Brezovar, Matjaz"]
[Result "1/2-1/2"]
[WhiteElo "2297"]
[BlackElo "2185"]
[PlyCount "64"]
[EventDate "2025.09.26"]
[WhiteTeam "SD VRHNIKA"]
[BlackTeam "SK DOLENJSKE TOPLICE"]

1. g3 g6 2. Bg2 Bg7 3. c4 e5 4. Nc3 Ne7 5. e4 d6 6. Nge2 Nbc6 7. d3 O-O 8. O-O
Be6 9. h3 Qd7 10. Kh2 f5 11. Nd5 fxe4 12. dxe4 Nd4 13. Nxd4 exd4 14. f4 c6 15.
Nxe7+ Qxe7 16. b3 Rae8 17. Bb2 c5 18. Qd3 Bd7 19. Rae1 Bc6 20. Bc1 a6 21. Bd2
b5 22. b4 Qf7 23. Qa3 bxc4 24. Qxa6 Bb7 25. Qxd6 c3 26. Bc1 Rd8 27. Qxc5 d3 28.
Be3 d2 29. Rd1 Qxa2 30. Qc7 Qf7 31. Qc5 Qa2 32. Qc7 Qf7 1/2-1/2

[Event "I. CLANSKA LIGA ZAHOD 2025"]
[Site "Komenda"]
[Date "2025.09.27"]
[Round "2.5"]
[White "Luzar, Emil"]
[Black "Justin, Matjaz"]
[Result "1-0"]
[WhiteElo "2111"]
[BlackElo "2210"]
[PlyCount "115"]
[EventDate "2025.09.26"]
[WhiteTeam "SK DOLENJSKE TOPLICE"]
[BlackTeam "SD VRHNIKA"]

1. e4 c5 2. Nc3 e6 3. f4 Nc6 4. Nf3 Nge7 5. Bb5 a6 6. Bxc6 Nxc6 7. O-O Be7 8.
d3 O-O 9. Kh1 b5 10. Qe1 b4 11. Ne2 d5 12. e5 f5 13. Be3 d4 14. Bf2 Bb7 15. Bh4
Bxh4 16. Qxh4 Qxh4 17. Nxh4 Rfd8 18. Nc1 a5 19. Nb3 Rd5 20. a4 Ba6 21. Nd2 g5
22. fxg5 Nxe5 23. b3 Ng4 24. Rac1 Re8 25. h3 Ne3 26. Rf3 Rd7 27. Nf1 Bb7 28.
Rf2 Nxf1 29. Rcxf1 Rg7 30. Re1 Ree7 31. Re5 Bd5 32. Nxf5 Bxg2+ 33. Kxg2 exf5
34. Rfxf5 Rgf7 35. Kg3 Rxf5 36. Rxf5 Re3+ 37. Kg4 c4 38. bxc4 b3 39. cxb3 Rxd3
40. Rxa5 Rxb3 41. Rd5 d3 42. a5 Rb4 43. Rxd3 Rxc4+ 44. Kh5 Ra4 45. Rd8+ Kg7 46.
Rd7+ Kg8 47. Ra7 Kh8 48. g6 h6 49. h4 Kg8 50. Rb7 Rxa5+ 51. Kxh6 Ra8 52. h5 Rc8
53. Re7 Rd8 54. Re5 Rb8 55. Kg5 Ra8 56. h6 Rb8 57. h7+ Kh8 58. Kh6 1-0

[Event "I. CLANSKA LIGA ZAHOD 2025"]
[Site "Komenda"]
[Date "2025.09.27"]
[Round "2.5"]
[White "Siraj, Svit"]
[Black "Stubljar, Andrej"]
[Result "1-0"]
[WhiteElo "2122"]
[BlackElo "1995"]
[PlyCount "71"]
[EventDate "2025.09.26"]
[WhiteTeam "SD VRHNIKA"]
[BlackTeam "SK DOLENJSKE TOPLICE"]

1. e4 d6 2. d4 Nf6 3. Bd3 c6 4. Nf3 e5 5. c3 Qc7 6. h3 Be7 7. O-O O-O 8. Re1
Re8 9. Nbd2 Nbd7 10. a4 Nf8 11. a5 Ng6 12. Nf1 Nh5 13. Nxe5 Ngf4 14. Be2 dxe5
15. Bxh5 Nxh5 16. Qxh5 Bf6 17. f4 exd4 18. e5 Be7 19. cxd4 g6 20. Qf3 Be6 21.
Ne3 Bb4 22. Rd1 Bxa5 23. f5 Bd7 24. Ng4 Bxf5 25. Nf6+ Kg7 26. Nxe8+ Rxe8 27. g4
Bb6 28. gxf5 Qxe5 29. f6+ Kg8 30. Qf2 Qh5 31. Rd3 Re2 32. Qf3 Qe5 33. Bf4 Qe6
34. Kf1 Rxb2 35. Re1 Qxf6 36. Re8+ 1-0

[Event "I. CLANSKA LIGA ZAHOD 2025"]
[Site "Komenda"]
[Date "2025.09.27"]
[Round "2.5"]
[White "Pucelj, Joze"]
[Black "Zlindra, Aljaz"]
[Result "0-1"]
[WhiteElo "1969"]
[BlackElo "1995"]
[PlyCount "56"]
[EventDate "2025.09.26"]
[WhiteTeam "SK DOLENJSKE TOPLICE"]
[BlackTeam "SD VRHNIKA"]

1. e4 c6 2. d4 d5 3. e5 Bf5 4. Nf3 e6 5. Be2 c5 6. c3 Nc6 7. O-O Qb6 8. dxc5
Bxc5 9. Qb3 Nge7 10. Bf4 O-O 11. Bg3 h6 12. Nbd2 Rac8 13. Qxb6 Bxb6 14. Nb3 Bh7
15. Bb5 a6 16. Bxc6 bxc6 17. Rad1 c5 18. Rd2 Nc6 19. h4 a5 20. a4 Rb8 21. Re1
Be4 22. Nh2 c4 23. Nd4 Bxd4 24. cxd4 Rb4 25. Ra1 Rfb8 26. f3 Bd3 27. Ng4 Nxd4
28. Nf2 Nb3 0-1

[Event "I. CLANSKA LIGA ZAHOD 2025"]
[Site "Komenda"]
[Date "2025.09.27"]
[Round "2.5"]
[White "Praznik, Anton"]
[Black "Voglar, Peter"]
[Result "1-0"]
[WhiteElo "1962"]
[BlackElo "1954"]
[PlyCount "69"]
[EventDate "2025.09.26"]
[WhiteTeam "SD VRHNIKA"]
[BlackTeam "SK DOLENJSKE TOPLICE"]

1. e4 c5 2. Nf3 d6 3. d4 cxd4 4. Nxd4 a6 5. Nc3 e5 6. Nb3 Be6 7. Be2 Nf6 8. f4
Qc7 9. g4 exf4 10. g5 Nfd7 11. Bxf4 Nc6 12. Nd5 Bxd5 13. exd5 Nce5 14. Qd2
O-O-O 15. h4 g6 16. Rh3 Kb8 17. Rc3 Qb6 18. Be3 Nc5 19. Bd4 Re8 20. O-O-O Rg8
21. Qf4 Qc7 22. Re3 Nxb3+ 23. axb3 Bg7 24. Kb1 Bh8 25. Re1 Rgf8 26. Bf1 f5 27.
c4 b6 28. b4 Rf7 29. c5 Rfe7 30. cxd6 Qxd6 31. Bxa6 Qxd5 32. Bc4 Qd6 33. Bb5
Nc4 34. Qxd6+ Nxd6 35. Bxe8 1-0

[Event "I. CLANSKA LIGA ZAHOD 2025"]
[Site "Komenda"]
[Date "2025.09.27"]
[Round "2.5"]
[White "Janko, Roman"]
[Black "Sever, Gasper"]
[Result "0-1"]
[WhiteElo "1890"]
[BlackElo "1856"]
[PlyCount "111"]
[EventDate "2025.09.26"]
[WhiteTeam "SK DOLENJSKE TOPLICE"]
[BlackTeam "SD VRHNIKA"]

1. e4 e5 2. Bc4 Nf6 3. d3 c6 4. Nf3 d5 5. exd5 cxd5 6. Bb5+ Bd7 7. Bxd7+ Nbxd7
8. O-O Bd6 9. Bg5 h6 10. Bh4 Qb6 11. b3 O-O-O 12. Nbd2 g5 13. Bg3 Nh5 14. Nxe5
Nxg3 15. Nxd7 Rxd7 16. hxg3 Bxg3 17. Qg4 Bf4 18. Nf3 Qf6 19. d4 h5 20. Qh3 g4
21. Qh4 Qf5 22. Ne5 Rc7 23. c4 f6 24. Nd3 Bg5 25. Qg3 h4 26. Qd6 Rd8 27. Qa3
Qxd3 28. Qxa7 h3 29. Qa8+ Kd7 30. Qa4+ Ke7 31. Rfe1+ Kf7 32. Qa5 Rcd7 33. Qb6
Qf5 34. Re2 hxg2 35. Rae1 Rh8 36. Qe6+ Qxe6 37. Rxe6 Bf4 38. cxd5 Rxd5 39. Re7+
Kg6 40. Kxg2 Rxd4 41. Rh1 Rxh1 42. Kxh1 Rd2 43. Kg1 Rxa2 44. Rxb7 Bd6 45. Rb5
Be5 46. Rd5 Rb2 47. Rd3 Bc7 48. Rd4 Kg5 49. Rb4 f5 50. Rb7 Bd6 51. Rb5 Kf4 52.
Rd5 Bb8 53. Rd4+ Kg5 54. Ra4 Rxb3 55. Kg2 Rb2 56. Kg1 0-1

[Event "I. CLANSKA LIGA ZAHOD 2025"]
[Site "Komenda"]
[Date "2025.09.28"]
[Round "3.1"]
[White "Luzar, Emil"]
[Black "Skoberne, Jure"]
[Result "0-1"]
[WhiteElo "2111"]
[BlackElo "2546"]
[PlyCount "88"]
[EventDate "2025.09.26"]
[WhiteTeam "SK DOLENJSKE TOPLICE"]
[BlackTeam "SD POSOCJE"]

1. e4 c5 2. Nc3 Nc6 3. f4 g6 4. Nf3 Bg7 5. Bb5 Nd4 6. Nxd4 cxd4 7. Ne2 Nf6 8.
Bd3 Qb6 9. e5 Nd5 10. c3 O-O 11. Be4 e6 12. Bxd5 exd5 13. cxd4 d6 14. Qb3 Qa6
15. Nc3 Qd3 16. Ne2 Qe4 17. Qf3 f6 18. Qxe4 dxe4 19. exf6 Bxf6 20. b3 Bg4 21.
Bb2 Rac8 22. h3 Bh4+ 23. g3 Bxe2 24. gxh4 Bd3 25. Rc1 Rxc1+ 26. Bxc1 Rxf4 27.
Ba3 d5 28. Bd6 Rf3 29. h5 Kf7 30. hxg6+ hxg6 31. h4 Bb1 32. Rf1 Rxf1+ 33. Kxf1
Bxa2 34. b4 Bb1 35. Ke2 Bc2 36. Ke3 Ke6 37. Bf8 b6 38. Kf4 a5 39. bxa5 bxa5 40.
Ba3 Kd7 41. Ke5 Kc6 42. Bf8 a4 43. Be7 e3 44. dxe3 Be4 0-1

[Event "I. CLANSKA LIGA ZAHOD 2025"]
[Site "Komenda"]
[Date "2025.09.28"]
[Round "3.1"]
[White "Srebrnic, Marko"]
[Black "Stubljar, Andrej"]
[Result "1-0"]
[WhiteElo "2331"]
[BlackElo "1995"]
[PlyCount "71"]
[EventDate "2025.09.26"]
[WhiteTeam "SD POSOCJE"]
[BlackTeam "SK DOLENJSKE TOPLICE"]

1. e4 e6 2. d4 d5 3. Nc3 dxe4 4. Nxe4 Nd7 5. Nf3 Ngf6 6. Bg5 Be7 7. Bxf6 Bxf6
8. Bd3 c5 9. Nd6+ Ke7 10. Ne4 cxd4 11. Qd2 Qb6 12. O-O-O Rd8 13. g4 Kf8 14. h4
Be7 15. Neg5 h6 16. Nh7+ Kg8 17. g5 Bb4 18. Qf4 Bc3 19. b3 Qc5 20. Rdg1 e5 21.
Qe4 Qa3+ 22. Kd1 Nc5 23. Nf6+ Kf8 24. Qxe5 Nxd3 25. cxd3 Be6 26. Nh7+ Kg8 27.
gxh6 Bxb3+ 28. Ke2 Qb2+ 29. Kf1 Qc1+ 30. Ne1 Qxh6 31. Rxg7+ Qxg7 32. Nf6+ Qxf6
33. Qxf6 Bd5 34. Rg1+ Kf8 35. Rg5 Bxa2 36. Re5 1-0

[Event "I. CLANSKA LIGA ZAHOD 2025"]
[Site "Komenda"]
[Date "2025.09.28"]
[Round "3.1"]
[White "Pucelj, Joze"]
[Black "Podlesnik, Bogdan"]
[Result "1/2-1/2"]
[WhiteElo "1969"]
[BlackElo "2292"]
[PlyCount "75"]
[EventDate "2025.09.26"]
[WhiteTeam "SK DOLENJSKE TOPLICE"]
[BlackTeam "SD POSOCJE"]

1. Nf3 c5 2. e4 Nc6 3. Bb5 e6 4. c3 b6 5. Qe2 Nge7 6. O-O a6 7. Ba4 g6 8. Rd1
Bg7 9. e5 O-O 10. Bc2 Qc7 11. d4 cxd4 12. cxd4 Nb4 13. Bb3 b5 14. Nc3 d5 15. a4
bxa4 16. Nxa4 Bd7 17. Bg5 Bxa4 18. Bxa4 h6 19. Bd2 Qb6 20. Bc3 Rfc8 21. Nd2 Nf5
22. Nb3 Bf8 23. Qd2 Nc6 24. Na5 Nb4 25. Nb3 Rab8 26. Rdc1 h5 27. Qe2 Nc6 28.
Bxc6 Rxc6 29. Na5 Rcc8 30. Qd2 Bh6 31. f4 Bf8 32. Ra4 Qa7 33. Rca1 Be7 34. Qd3
Bd8 35. h3 h4 36. Kh2 Qa8 37. b4 Bxa5 38. Rxa5 1/2-1/2

[Event "I. CLANSKA LIGA ZAHOD 2025"]
[Site "Komenda"]
[Date "2025.09.28"]
[Round "3.1"]
[White "Biti, Ozren"]
[Black "Voglar, Peter"]
[Result "1-0"]
[WhiteElo "2270"]
[BlackElo "1954"]
[PlyCount "53"]
[EventDate "2025.09.26"]
[WhiteTeam "SD POSOCJE"]
[BlackTeam "SK DOLENJSKE TOPLICE"]

1. e4 c5 2. Nc3 e6 3. Nf3 a6 4. g3 d6 5. Bg2 Be7 6. O-O Nf6 7. e5 dxe5 8. Nxe5
O-O 9. Re1 h6 10. Qe2 Nbd7 11. Nxd7 Qxd7 12. a4 Rb8 13. a5 Qc7 14. d3 Bd7 15.
Bf4 Bd6 16. Bxd6 Qxd6 17. Qe5 Qe7 18. Nd1 Rfc8 19. Ne3 Bb5 20. Nf5 Qd8 21. Nd6
Rc7 22. Nxb5 axb5 23. a6 bxa6 24. Rxa6 b4 25. b3 Rbc8 26. Be4 Qd4 27. Qxc7 1-0

[Event "I. CLANSKA LIGA ZAHOD 2025"]
[Site "Komenda"]
[Date "2025.09.28"]
[Round "3.1"]
[White "Janko, Roman"]
[Black "Beletic, Danijel"]
[Result "0-1"]
[WhiteElo "1890"]
[BlackElo "2269"]
[PlyCount "66"]
[EventDate "2025.09.26"]
[WhiteTeam "SK DOLENJSKE TOPLICE"]
[BlackTeam "SD POSOCJE"]

1. e4 c6 2. d4 d5 3. e5 c5 4. dxc5 e6 5. c4 Nc6 6. Nf3 Bxc5 7. cxd5 exd5 8. Qc2
Bb6 9. Bb5 Nge7 10. Bg5 O-O 11. O-O h6 12. Bh4 Bg4 13. Nbd2 Rc8 14. Bxc6 bxc6
15. Rac1 Qd7 16. Bxe7 Qxe7 17. Qa4 Bd7 18. Qf4 c5 19. b3 Rc6 20. Rfe1 Rg6 21.
Nf1 Qe6 22. Ng3 Ba5 23. Red1 Rg4 24. Qe3 Bb6 25. Qd2 Bc6 26. a4 a5 27. h3 Rb4
28. Qd3 c4 29. bxc4 dxc4 30. Qd6 Rd8 31. Qxe6 Rxd1+ 32. Rxd1 fxe6 33. Nd4 Bxa4
0-1

[Event "I. CLANSKA LIGA ZAHOD 2025"]
[Site "Komenda"]
[Date "2025.09.28"]
[Round "3.1"]
[White "Timagin, Petr"]
[Black "Janko, Marko"]
[Result "1-0"]
[WhiteElo "2312"]
[BlackElo "1717"]
[PlyCount "71"]
[EventDate "2025.09.26"]
[WhiteTeam "SD POSOCJE"]
[BlackTeam "SK DOLENJSKE TOPLICE"]

1. e4 e5 2. Nf3 Nc6 3. Bb5 Bc5 4. c3 a6 5. Bxc6 dxc6 6. Nxe5 Nf6 7. d4 Ba7 8.
O-O O-O 9. Bg5 h6 10. Bxf6 Qxf6 11. Nd3 Re8 12. Nd2 Bd7 13. Re1 Rad8 14. Qf3
Qg5 15. Qe3 Qf6 16. b4 Re7 17. e5 Qf5 18. Ne4 Be6 19. Ng3 Qg4 20. h3 Qh4 21.
Kh2 Red7 22. Qf4 Qxf4 23. Nxf4 Bc4 24. Nf5 Bd5 25. Re3 Bb6 26. Nh5 Kh8 27.
Nfxg7 Re7 28. Nf5 Re6 29. Nf4 Ree8 30. Nxd5 cxd5 31. Nxh6 Rd7 32. Ng4 Re6 33.
Nf6 Rd8 34. Rg3 Rc6 35. Rd1 a5 36. a3 1-0

[Event "I. CLANSKA LIGA ZAHOD 2025"]
[Site "Komenda"]
[Date "2025.09.28"]
[Round "3.2"]
[White "Feinig, Mario"]
[Black "Praznik, Niko"]
[Result "0-1"]
[WhiteElo "2192"]
[BlackElo "2297"]
[PlyCount "105"]
[EventDate "2025.09.26"]
[WhiteTeam "SK STARI MAYR KRANJ"]
[BlackTeam "SD VRHNIKA"]

1. e4 g6 2. d4 Bg7 3. Nc3 d6 4. Be3 Nd7 5. Nf3 a6 6. Bc4 e6 7. a4 b6 8. O-O h6
9. Qd3 Ne7 10. Rad1 Bb7 11. Rfe1 O-O 12. Qd2 Kh7 13. h4 Nf6 14. d5 e5 15. Nh2
Bc8 16. Be2 Nfg8 17. h5 f5 18. hxg6+ Nxg6 19. exf5 Bxf5 20. g4 Bd7 21. Bd3 Be8
22. a5 b5 23. Ne4 Kh8 24. Ng3 Nf4 25. Bf5 Bf7 26. Bxf4 exf4 27. Qxf4 Bxb2 28.
Nf3 Qf6 29. Ne2 Qg7 30. Ng3 Rae8 31. Rxe8 Bxe8 32. Kg2 Bf7 33. c4 Rb8 34. Rh1
bxc4 35. Qxc4 Rb5 36. Qxc7 Bxd5 37. Qxd6 Rxa5 38. Be4 Bxe4 39. Nxe4 Qxg4+ 40.
Ng3 Bg7 41. Rh4 Qc8 42. Ne4 Qf8 43. Qc7 Rf5 44. Nfg5 Qe7 45. Qg3 a5 46. Nh3 a4
47. Qg4 Rb5 48. Ng3 a3 49. Nf4 Qb7+ 50. Kh2 a2 51. Ng6+ Kh7 52. Nf5 a1=Q 53.
Nge7 0-1

[Event "I. CLANSKA LIGA ZAHOD 2025"]
[Site "Komenda"]
[Date "2025.09.28"]
[Round "3.2"]
[White "Justin, Matjaz"]
[Black "Mircic, Ivan"]
[Result "1/2-1/2"]
[WhiteElo "2210"]
[BlackElo "2173"]
[PlyCount "70"]
[EventDate "2025.09.26"]
[WhiteTeam "SD VRHNIKA"]
[BlackTeam "SK STARI MAYR KRANJ"]

1. e4 c5 2. Nf3 e6 3. d4 cxd4 4. Nxd4 a6 5. Bd3 Bc5 6. Nb3 Ba7 7. Qe2 Ne7 8.
Be3 Nbc6 9. Nc3 Bxe3 10. Qxe3 d5 11. exd5 exd5 12. Qg3 O-O 13. O-O f5 14. f4
Be6 15. Ne2 Qb6+ 16. Qf2 Qxf2+ 17. Kxf2 Rad8 18. c3 Rfe8 19. Rfe1 g6 20. Ned4
Nxd4 21. Nxd4 Bc8 22. Bc2 Kf7 23. Ba4 Bd7 24. Bxd7 Rxd7 25. Nf3 Nc6 26. Rxe8
Kxe8 27. Re1+ Re7 28. Rxe7+ Kxe7 29. Ke3 h6 30. b4 Kd6 31. a4 b6 32. Nd4 Ne7
33. Nb3 Nc6 34. Nd4 Ne7 35. Nb3 Nc6 1/2-1/2

[Event "I. CLANSKA LIGA ZAHOD 2025"]
[Site "Komenda"]
[Date "2025.09.28"]
[Round "3.2"]
[White "Djuric, Petar"]
[Black "Siraj, Svit"]
[Result "1/2-1/2"]
[WhiteElo "2167"]
[BlackElo "2122"]
[PlyCount "60"]
[EventDate "2025.09.26"]
[WhiteTeam "SK STARI MAYR KRANJ"]
[BlackTeam "SD VRHNIKA"]

1. Nf3 Nf6 2. c4 e6 3. e3 d5 4. d4 dxc4 5. Bxc4 c5 6. O-O Nc6 7. dxc5 Qxd1 8.
Rxd1 Bxc5 9. Nc3 O-O 10. b3 b6 11. Bb2 Bb7 12. Nb5 Rfd8 13. Nc7 Rxd1+ 14. Rxd1
Rd8 15. Rxd8+ Nxd8 16. Nb5 Nc6 17. Ne5 Nxe5 18. Bxe5 a6 19. Nd6 Bxd6 20. Bxd6
Ne4 21. Be5 b5 22. Bd3 f6 23. Bxe4 Bxe4 24. Bc3 e5 25. a4 bxa4 26. bxa4 Bc2 27.
a5 Kf7 28. f4 exf4 29. exf4 Bf5 30. g3 g6 1/2-1/2

[Event "I. CLANSKA LIGA ZAHOD 2025"]
[Site "Komenda"]
[Date "2025.09.28"]
[Round "3.2"]
[White "Okorn, Nejc"]
[Black "Kersic, Matej"]
[Result "0-1"]
[WhiteElo "1919"]
[BlackElo "2054"]
[PlyCount "64"]
[EventDate "2025.09.26"]
[WhiteTeam "SD VRHNIKA"]
[BlackTeam "SK STARI MAYR KRANJ"]

1. e4 c5 2. Nc3 e6 3. g3 Nc6 4. Bg2 g6 5. d3 Bg7 6. Be3 d6 7. Qd2 Nd4 8. f4 Ne7
9. Nf3 Rb8 10. O-O O-O 11. Rab1 b6 12. Ne2 Nxe2+ 13. Qxe2 Bb7 14. d4 Bxe4 15.
dxc5 bxc5 16. b3 Nd5 17. Rbc1 Bxf3 18. Rxf3 Nxe3 19. Rxe3 Bd4 20. Kh1 Bxe3 21.
Qxe3 Qa5 22. a4 Qb4 23. g4 Qd4 24. Qg3 Qd2 25. Rf1 Qxc2 26. f5 Rxb3 27. Qxd6
Rb1 28. fxe6 Rxf1+ 29. Bxf1 Qe4+ 30. Kg1 Qxg4+ 31. Kh1 Qe4+ 32. Kg1 Qd4+ 0-1

[Event "I. CLANSKA LIGA ZAHOD 2025"]
[Site "Komenda"]
[Date "2025.09.28"]
[Round "3.2"]
[White "Bulatovic, Milorad"]
[Black "Zlindra, Aljaz"]
[Result "0-1"]
[WhiteElo "1933"]
[BlackElo "1995"]
[PlyCount "64"]
[EventDate "2025.09.26"]
[WhiteTeam "SK STARI MAYR KRANJ"]
[BlackTeam "SD VRHNIKA"]

1. b4 f5 2. Bb2 Nf6 3. e3 g6 4. f4 Bg7 5. Nf3 O-O 6. c4 a5 7. b5 b6 8. Be2 Bb7
9. O-O e6 10. Qc2 d6 11. Ng5 Qe7 12. Bf3 Bxf3 13. Nxf3 Nbd7 14. d4 Ne4 15. Nbd2
Nxd2 16. Qxd2 h6 17. Rae1 Nf6 18. Qc2 Ne4 19. Nd2 Nxd2 20. Qxd2 Qd7 21. a4 c6
22. Ba3 cxb5 23. axb5 Rfc8 24. Qa2 d5 25. cxd5 exd5 26. Qb3 Rc4 27. Rc1 Rac8
28. Qb1 Qe8 29. Rfe1 Rxc1 30. Bxc1 Bxd4 31. Qd3 Rxc1 32. Rxc1 Qxe3+ 0-1

[Event "I. CLANSKA LIGA ZAHOD 2025"]
[Site "Komenda"]
[Date "2025.09.28"]
[Round "3.2"]
[White "Sever, Gasper"]
[Black "Zupan, Gorazd"]
[Result "1-0"]
[WhiteElo "1856"]
[BlackElo "1896"]
[PlyCount "171"]
[EventDate "2025.09.26"]
[WhiteTeam "SD VRHNIKA"]
[BlackTeam "SK STARI MAYR KRANJ"]

1. e4 d5 2. exd5 Qxd5 3. Nc3 Qd6 4. d4 a6 5. g3 Nf6 6. Bf4 Qb4 7. Bg2 Qxb2 8.
Nge2 e6 9. Rb1 Qa3 10. Bxc7 Bb4 11. Rb3 Bxc3+ 12. Nxc3 Qe7 13. Ba5 Nc6 14.
Bxc6+ bxc6 15. Na4 Nd7 16. Qd3 Qd6 17. Bb4 Qd5 18. O-O {nejasno} Qf5 19. Qf3
Qxf3 20. Rxf3 h5 21. c4 h4 22. Re1 hxg3 23. fxg3 Rb8 24. Bd6 Rb7 25. d5 cxd5
26. cxd5 Nb6 27. Nc5 Ra7 28. dxe6 fxe6 29. Ref1 Nd7 30. Nxe6 Nf6 31. Nc5 Bh3
32. Rb1 Kf7 33. Be5 Re8 34. Bxf6 gxf6 35. Rb6 Re1+ 36. Kf2 Rf1+ 37. Ke3 Re7+
38. Kf4 Rc1 39. g4 Bg2 40. Rf2 Rxc5 41. Rxg2 Ra5 42. Rf2 Ra3 43. g5 fxg5+ 44.
Kxg5+ Kg7 45. Rg6+ Kh7 46. Rf4 Re5+ 47. Kf6 Re6+ 48. Kxe6 Kxg6 49. Rg4+ Kh5 50.
Rg2 Rd3 51. Ke5 Rd8 52. Ke4 Rd1 53. Ke3 Rd8 54. Rd2 Rc8 55. Kd3 Kg5 56. Rc2 Rh8
57. Kc4 Kf5 58. Kb4 Ke5 59. Ka5 Rh6 60. a4 Kd4 61. Rg2 Kc4 62. Rg4+ Kb3 63. h4
Kc3 64. Rg3+ Kc4 65. Rg4+ Kb3 66. Rg3+ Kc4 67. Rh3 Kc5 68. h5 Kc4 69. Rh1 Kb3
70. Rb1+ Ka3 71. Rh1 Kb3 72. Rh4 Kc3 73. Rh3+ Kc4 74. Rh1 Kb3 75. Rh2 Kc4 76.
Rh3 Kd4 77. Kb4 Rb6+ 78. Ka3 Rh6 79. Rh4+ Kc5 80. Kb3 Kb6 81. Kc4 Kc6 82. Kd4
Kd6 83. Ke4 Ke6 84. Kf4 Kf6 85. Rh1 Kg7 86. Rg1+ 1-0

[Event "I. CLANSKA LIGA ZAHOD 2025"]
[Site "Komenda"]
[Date "2025.09.28"]
[Round "3.3"]
[White "Belyaletdinov, Leonard"]
[Black "Stevanic, David"]
[Result "0-1"]
[WhiteElo "2130"]
[BlackElo "2311"]
[PlyCount "80"]
[EventDate "2025.09.26"]
[WhiteTeam "TAJFUN - SK LJUBLJANA"]
[BlackTeam "SK KOCEVJE"]

1. e4 e5 2. Nf3 Nf6 3. Nxe5 d6 4. Nf3 Nxe4 5. d3 Nf6 6. Bg5 Be7 7. Be2 O-O 8.
O-O d5 9. Ne5 d4 10. Nd2 Nbd7 11. Nxd7 Bxd7 12. Bf3 c6 13. Re1 Be6 14. Nf1 Re8
15. Ng3 Qb6 16. Qc1 Rad8 17. Re2 Kf8 18. Bxf6 Bxf6 19. Nh5 Be7 20. Rxe6 fxe6
21. Qf4+ Kg8 22. Qg4 Bf8 23. Nf6+ Kh8 24. Nxe8 Qxb2 25. Re1 Rxe8 26. h4 Qxc2
27. Re5 Qb1+ 28. Bd1 Qxd3 29. Rh5 g6 30. Re5 Bg7 31. Rc5 Qd2 32. h5 Qe1+ 33.
Kh2 Qd2 34. hxg6 h6 35. Rh5 Qc3 36. Bf3 Rf8 37. Rh4 Qc5 38. g3 Qf5 39. Rxh6+
Bxh6 40. Qxd4+ e5 0-1

[Event "I. CLANSKA LIGA ZAHOD 2025"]
[Site "Komenda"]
[Date "2025.09.28"]
[Round "3.3"]
[White "Acimovic, Sergej"]
[Black "Glavac, Leo"]
[Result "1-0"]
[WhiteElo "2167"]
[BlackElo "1974"]
[PlyCount "91"]
[EventDate "2025.09.26"]
[WhiteTeam "SK KOCEVJE"]
[BlackTeam "TAJFUN - SK LJUBLJANA"]

1. d4 d5 2. c4 c6 3. Nf3 Nf6 4. e3 a6 5. Bd3 Bg4 6. O-O e6 7. Nbd2 Be7 8. Qc2
Bh5 9. b3 O-O 10. Ne5 Nbd7 11. Bb2 Rc8 12. Rac1 Bg6 13. Nxg6 hxg6 14. Rfd1 c5
15. Qb1 Bd6 16. Nf3 Qb6 17. Qa1 dxc4 18. bxc4 Rfd8 19. d5 exd5 20. cxd5 Qc7 21.
a4 Ng4 22. h3 Nge5 23. Be2 Nxf3+ 24. Bxf3 Be5 25. Bg4 f5 26. Be2 Qd6 27. Rb1
Rc7 28. Bc4 Rdc8 29. a5 Kf8 30. Bxe5 Qxe5 31. Qa3 Qd6 32. Qc3 Re8 33. Rb2 Rb8
34. Rdb1 b5 35. axb6 Rxb6 36. Rxb6 Nxb6 37. Bxa6 c4 38. Qd4 Nd7 39. Bxc4 Qc5
40. Qxc5+ Rxc5 41. Rb7 Nf6 42. Bb3 Nxd5 43. Rd7 Nc3 44. Rf7+ Ke8 45. Rxg7 Ne4
46. g3 1-0